00842nam a22002057a 4500003000900000005001700009008004700026020001500073040002200088092001500110100002200125245005800147260020600205300002900411942001200440945002700452952011400479956002600593999001700619DO-SdBNP20171201110248.0171110b 1999 sp ||||| |||| 00| 0 spa d a8492067292 aBPMSUbspacBPMSU axxxxbxxxx1 aBermejo, Amalia 10aLa literatura infantil en España /cAmalia Bermejo. aBarcelona : b Asociación Española de Amigos del Libro Infantil y Juvenil, bMinisterio de Cultura, Centro del Libro y la Lectura, Organización Española para el Libro Infantil y Juvenil,c1999. a80 p.. : bil. ;c21 cm. 2ddccBK aInventariado 2017 / LP 00102ddc40708CGaBPMETbBPMETd2017-11-10eDonado por FUNDIl0pBPMSU17110130r2017-11-10w2017-11-10yBK aLOPEREZb10c20171110 c12835d12835